Real Madrid Squad 2014/2015 - Statistics

General Stats
  • This quiz has been taken 1,267 times
  • The average score is 17 of 23
Answer Stats
Number Nationality Position Answer % Correct
7 Portugal FW Cristiano Ronaldo
97%
11 Wales FW Gareth Bale
97%
4 Spain DF Sergio Ramos
97%
9 France FW Karim Benzema
95%
3 Portugal DF Pepe
95%
8 Germany MF Toni Kroos
95%
1 Spain GK Iker Casillas
94%
10 Colombia MF James Rodriguez
93%
19 Croatia MF Luka Modric
92%
13 Costa Rica GK Keylor Navas
91%
2 France DF Raphael Varane
91%
12 Brazil DF Marcelo
90%
6 Germany MF Sami Khedira
74%
/ Italy COACH Carlo Ancelotti
73%
14 Mexico FW Javier Hernandez
73%
5 Portugal DF Fabio Coentrao
70%
15 Spain DF Dani Carvajal
68%
23 Spain MF Isco
65%
18 Spain DF Nacho
54%
17 Spain DF Alvaro Arbeloa
48%
20 Spain FW Jese
42%
24 Spain MF Asier Illarramendi
24%
25 Spain GK Fernando Pacheco
15%
No matching quizzes found
Score Distribution
Percent of People with Each Score
Percentile by Number Answered
Your Score History
You have not taken this quiz